Integrated accounting for Windows / (Record no. 2728)
[ view plain ]
| 000 -LEADER | |
|---|---|
| fixed length control field | 01232cam a22002897a 4500 |
| 001 - CONTROL NUMBER | |
| control field | 14163339 |
| 005 - DATE AND TIME OF LATEST TRANSACTION | |
| control field | 20250120135934.0 |
| 008 - FIXED-LENGTH DATA ELEMENTS--GENERAL INFORMATION | |
| fixed length control field | 051101s2007 ohua 001 0 eng d |
| 020 ## - INTERNATIONAL STANDARD BOOK NUMBER | |
| International Standard Book Number | 0324312490 |
| 020 ## - INTERNATIONAL STANDARD BOOK NUMBER | |
| International Standard Book Number | 9780324312492 |
| 050 00 - LIBRARY OF CONGRESS CALL NUMBER | |
| Classification number | HF5679 |
| Item number | .K4783 2007 |
| 082 04 - DEWEY DECIMAL CLASSIFICATION NUMBER | |
| Classification number | 657/.0285/5369 |
| Edition information | 22 |
| 100 1# - MAIN ENTRY--PERSONAL NAME | |
| Personal name | Klooster, Dale H. |
| 245 10 - TITLE STATEMENT | |
| Title | Integrated accounting for Windows / |
| Statement of responsibility, etc. | Dale H. Klooster, Warren W. Allen. |
| 250 ## - EDITION STATEMENT | |
| Edition statement | 5th ed. |
| 260 ## - PUBLICATION, DISTRIBUTION, ETC. | |
| Place of publication, distribution, etc. | Mason, Ohio : |
| Name of publisher, distributor, etc. | Thomson/South-Western, |
| Date of publication, distribution, etc. | c2007. |
| 300 ## - PHYSICAL DESCRIPTION | |
| Extent | xiv, 577 p. : |
| Other physical details | ill. ; |
| Dimensions | 28 cm. + |
| Accompanying material | 1 CD-ROM (4 3/4 in.) |
| 500 ## - GENERAL NOTE | |
| General note | Rev. ed. of: Klooster & Allen's integrated accounting for Windows, 4th ed., c2004. |
| 500 ## - GENERAL NOTE | |
| General note | Includes index. |
| 650 #0 - SUBJECT ADDED ENTRY--TOPICAL TERM | |
| Topical term or geographic name entry element | Accounting |
| General subdivision | Data processing |
| Form subdivision | Software. |
| 700 1# - ADDED ENTRY--PERSONAL NAME | |
| Personal name | Allen, Warren W. |
| 700 1# - ADDED ENTRY--PERSONAL NAME | |
| Personal name | Klooster, Dale H. |
| Title of a work | Klooster & Allen's integrated accounting for Windows. |
| 856 42 - ELECTRONIC LOCATION AND ACCESS | |
| Materials specified | Publisher description |
| Uniform Resource Identifier | <a href="http://www.loc.gov/catdir/enhancements/fy1215/2005936606-d.html">http://www.loc.gov/catdir/enhancements/fy1215/2005936606-d.html</a> |
| 856 41 - ELECTRONIC LOCATION AND ACCESS | |
| Materials specified | Table of contents only |
| Uniform Resource Identifier | <a href="http://www.loc.gov/catdir/enhancements/fy1215/2005936606-t.html">http://www.loc.gov/catdir/enhancements/fy1215/2005936606-t.html</a> |
| 856 42 - ELECTRONIC LOCATION AND ACCESS | |
| Materials specified | Contributor biographical information |
| Uniform Resource Identifier | <a href="http://www.loc.gov/catdir/enhancements/fy1302/2005936606-b.html">http://www.loc.gov/catdir/enhancements/fy1302/2005936606-b.html</a> |
| 942 ## - ADDED ENTRY ELEMENTS (KOHA) | |
| Source of classification or shelving scheme | Library of Congress Classification |
| Koha item type | Books |
| Edition | 5th Ed.. |
| Suppress in OPAC | No |
| 999 ## - | |
| -- | 2728 |
| -- | 2728 |
| Withdrawn status | Lost status | Source of classification or shelving scheme | Damaged status | Not for loan | Collection | Home library | Current library | Shelving location | Date acquired | Total checkouts | Full call number | Barcode | Date last seen | Copy number | Price effective from | Koha item type |
|---|---|---|---|---|---|---|---|---|---|---|---|---|---|---|---|---|
| Library of Congress Classification | Non-fiction | Business Library (Miotso) | Business Library (Miotso) | General stacks | 01/20/2025 | HF5679 .K4783 2007 | BSSM00000509 | 01/20/2025 | 1 | 01/20/2025 | Books |